<?xml version="1.0" encoding="UTF-8"?>
<record
    xmlns:xsi="http://www.w3.org/2001/XMLSchema-instance"
    xsi:schemaLocation="http://www.loc.gov/MARC21/slim http://www.loc.gov/standards/marcxml/schema/MARC21slim.xsd"
    xmlns="http://www.loc.gov/MARC21/slim">

  <leader>00503nam a22001937a 4500</leader>
  <controlfield tag="005">20231216105145.0</controlfield>
  <controlfield tag="008">231212b        |||||||| |||| 00| 0 eng d</controlfield>
  <datafield tag="020" ind1=" " ind2=" ">
    <subfield code="a">978-93-5696-384-9</subfield>
  </datafield>
  <datafield tag="041" ind1=" " ind2=" ">
    <subfield code="a">eng</subfield>
  </datafield>
  <datafield tag="082" ind1=" " ind2=" ">
    <subfield code="2">2nd</subfield>
    <subfield code="a">F/610.73/CLE/B10428</subfield>
    <subfield code="b">CLE</subfield>
  </datafield>
  <datafield tag="100" ind1=" " ind2=" ">
    <subfield code="a">Clement I</subfield>
    <subfield code="9">119826</subfield>
  </datafield>
  <datafield tag="245" ind1=" " ind2=" ">
    <subfield code="a">Nursing Foundation-I</subfield>
  </datafield>
  <datafield tag="250" ind1=" " ind2=" ">
    <subfield code="a">2nd</subfield>
  </datafield>
  <datafield tag="260" ind1=" " ind2=" ">
    <subfield code="a">New Delhi</subfield>
    <subfield code="b">Jaypee Pub.</subfield>
    <subfield code="c">2024</subfield>
  </datafield>
  <datafield tag="300" ind1=" " ind2=" ">
    <subfield code="a">572p</subfield>
    <subfield code="b">Pb</subfield>
    <subfield code="c">26.5X21cm</subfield>
  </datafield>
  <datafield tag="365" ind1=" " ind2=" ">
    <subfield code="a">Rupaye</subfield>
    <subfield code="b">995.00</subfield>
    <subfield code="c">INR</subfield>
  </datafield>
  <datafield tag="521" ind1=" " ind2=" ">
    <subfield code="a">Nursing Foundation-I</subfield>
  </datafield>
  <datafield tag="942" ind1=" " ind2=" ">
    <subfield code="c">BK</subfield>
  </datafield>
  <datafield tag="999" ind1=" " ind2=" ">
    <subfield code="c">356698</subfield>
    <subfield code="d">356698</subfield>
  </datafield>
  <datafield tag="952" ind1=" " ind2=" ">
    <subfield code="0">0</subfield>
    <subfield code="1">0</subfield>
    <subfield code="2">ddc</subfield>
    <subfield code="4">0</subfield>
    <subfield code="7">0</subfield>
    <subfield code="a">BTIN</subfield>
    <subfield code="b">BTIN</subfield>
    <subfield code="d">2023-12-11</subfield>
    <subfield code="e">Varad Enterprises</subfield>
    <subfield code="g">995.00</subfield>
    <subfield code="i">79</subfield>
    <subfield code="l">4</subfield>
    <subfield code="m">3</subfield>
    <subfield code="o">F610.73 CLE B10428</subfield>
    <subfield code="p">BTIN-BK-10428</subfield>
    <subfield code="r">2025-10-17 16:59:03</subfield>
    <subfield code="s">2025-10-16</subfield>
    <subfield code="t">34%</subfield>
    <subfield code="v">656.70</subfield>
    <subfield code="w">2023-12-08</subfield>
    <subfield code="y">BK</subfield>
    <subfield code="z">BTIN-BK-10428</subfield>
  </datafield>
  <datafield tag="952" ind1=" " ind2=" ">
    <subfield code="0">0</subfield>
    <subfield code="1">0</subfield>
    <subfield code="2">ddc</subfield>
    <subfield code="4">0</subfield>
    <subfield code="7">0</subfield>
    <subfield code="a">BTIN</subfield>
    <subfield code="b">BTIN</subfield>
    <subfield code="d">2023-12-11</subfield>
    <subfield code="e">Varad Enterprises</subfield>
    <subfield code="g">995.00</subfield>
    <subfield code="i">79</subfield>
    <subfield code="l">3</subfield>
    <subfield code="o">F610.73 CLE B10429</subfield>
    <subfield code="p">BTIN-BK-10429</subfield>
    <subfield code="r">2025-11-10 14:42:52</subfield>
    <subfield code="s">2025-11-01</subfield>
    <subfield code="t">34%</subfield>
    <subfield code="v">656.70</subfield>
    <subfield code="w">2023-12-08</subfield>
    <subfield code="y">BK</subfield>
    <subfield code="z">BTIN-BK-10429</subfield>
  </datafield>
  <datafield tag="952" ind1=" " ind2=" ">
    <subfield code="0">0</subfield>
    <subfield code="1">0</subfield>
    <subfield code="2">ddc</subfield>
    <subfield code="4">0</subfield>
    <subfield code="7">0</subfield>
    <subfield code="a">BTIN</subfield>
    <subfield code="b">BTIN</subfield>
    <subfield code="d">2023-12-11</subfield>
    <subfield code="e">Varad Enterprises</subfield>
    <subfield code="g">995.00</subfield>
    <subfield code="i">79</subfield>
    <subfield code="l">5</subfield>
    <subfield code="m">2</subfield>
    <subfield code="o">F610.73 CLE B10430</subfield>
    <subfield code="p">BTIN-BK-10430</subfield>
    <subfield code="r">2025-12-31 16:30:55</subfield>
    <subfield code="s">2025-12-26</subfield>
    <subfield code="t">34%</subfield>
    <subfield code="v">656.70</subfield>
    <subfield code="w">2023-12-08</subfield>
    <subfield code="y">BK</subfield>
    <subfield code="z">BTIN-BK-10430</subfield>
  </datafield>
  <datafield tag="952" ind1=" " ind2=" ">
    <subfield code="0">0</subfield>
    <subfield code="1">0</subfield>
    <subfield code="2">ddc</subfield>
    <subfield code="4">0</subfield>
    <subfield code="7">0</subfield>
    <subfield code="a">BTIN</subfield>
    <subfield code="b">BTIN</subfield>
    <subfield code="d">2023-12-11</subfield>
    <subfield code="e">Varad Enterprises</subfield>
    <subfield code="g">995.00</subfield>
    <subfield code="i">79</subfield>
    <subfield code="l">6</subfield>
    <subfield code="m">2</subfield>
    <subfield code="o">F610.73 CLE B10431</subfield>
    <subfield code="p">BTIN-BK-10431</subfield>
    <subfield code="r">2026-01-16 13:33:21</subfield>
    <subfield code="s">2026-01-08</subfield>
    <subfield code="t">34%</subfield>
    <subfield code="v">656.70</subfield>
    <subfield code="w">2023-12-08</subfield>
    <subfield code="y">BK</subfield>
    <subfield code="z">BTIN-BK-10431</subfield>
  </datafield>
  <datafield tag="952" ind1=" " ind2=" ">
    <subfield code="0">0</subfield>
    <subfield code="1">0</subfield>
    <subfield code="2">ddc</subfield>
    <subfield code="4">0</subfield>
    <subfield code="7">0</subfield>
    <subfield code="a">BTIN</subfield>
    <subfield code="b">BTIN</subfield>
    <subfield code="d">2023-12-11</subfield>
    <subfield code="e">Varad Enterprises</subfield>
    <subfield code="g">995.00</subfield>
    <subfield code="i">79</subfield>
    <subfield code="l">8</subfield>
    <subfield code="m">4</subfield>
    <subfield code="o">F610.73 CLE B10432</subfield>
    <subfield code="p">BTIN-BK-10432</subfield>
    <subfield code="r">2026-01-13 15:05:53</subfield>
    <subfield code="s">2025-12-23</subfield>
    <subfield code="t">34%</subfield>
    <subfield code="v">656.70</subfield>
    <subfield code="w">2023-12-08</subfield>
    <subfield code="y">BK</subfield>
    <subfield code="z">BTIN-BK-10432</subfield>
  </datafield>
</record>
